Adobe illustrator 8.0 : (Record no. 592)
[ view plain ]
| 000 -LEADER | |
|---|---|
| fixed length control field | 01330nam a22002895a 4500 |
| 006 - FIXED-LENGTH DATA ELEMENTS--ADDITIONAL MATERIAL CHARACTERISTICS--GENERAL INFORMATION | |
| fixed length control field | m||||f ||z| 00| 0 |
| 008 - FIXED-LENGTH DATA ELEMENTS--GENERAL INFORMATION | |
| fixed length control field | 100907t1998 caua|||fr|||| 00| 0 eng d |
| 010 ## - LIBRARY OF CONGRESS CONTROL NUMBER | |
| LC control number | 98084637 |
| 020 ## - INTERNATIONAL STANDARD BOOK NUMBER | |
| International Standard Book Number | 1568304706 |
| 020 ## - INTERNATIONAL STANDARD BOOK NUMBER | |
| International Standard Book Number | 9781568304700 |
| 035 ## - SYSTEM CONTROL NUMBER | |
| System control number | (OCoLC)40471881 |
| 040 ## - CATALOGING SOURCE | |
| Original cataloging agency | EG-ScBUE |
| Language of cataloging | eng |
| Transcribing agency | EG-ScBUE |
| 082 04 - DEWEY DECIMAL CLASSIFICATION NUMBER | |
| Classification number | 006.6869 |
| Item number | ADO |
| Edition number | 22 |
| 245 00 - TITLE STATEMENT | |
| Title | Adobe illustrator 8.0 : |
| Remainder of title | classroom in a book. |
| 260 ## - PUBLICATION, DISTRIBUTION, ETC. (IMPRINT) | |
| Place of publication, distribution, etc | San Jose : |
| Name of publisher, distributor, etc | Adobe Systems, |
| Date of publication, distribution, etc | c.1998. |
| 300 ## - PHYSICAL DESCRIPTION | |
| Extent | ix, 417 p. : |
| Other physical details | ill. ; |
| Dimensions | 24 cm. + |
| Accompanying material | 1 computer laser optical disk (4 3/4 in.). |
| 440 #0 - | |
| -- | Classroom in a book |
| -- | 18541 |
| 500 ## - GENERAL NOTE | |
| General note | "The official training workbook developed by the staff of Adobe"--Cover. |
| 500 ## - GENERAL NOTE | |
| General note | Index : p. 411-417. |
| 538 ## - SYSTEM DETAILS NOTE | |
| System details note | System requirements for accompanying computer disc: hard drive with at least 50 MB free space, additional space if working with very large image files; at least 32 MB of RAM (for Mac OS, 20 MB must be available to Adobe Illustrator); CD-ROM drive; [for best performance Adobe Systems recommends the following: 95 MB of hard disk; 64 MB or more of RAM; 24-bit video display card; a PostScript printer] |
| 590 ## - LOCAL NOTE (RLIN) | |
| Local note | yassmeen ashraf |
| 650 #0 - SUBJECT ADDED ENTRY--TOPICAL TERM | |
| Topical term or geographic name as entry element | Computer graphics. |
| 9 (RLIN) | 18542 |
| Source of heading or term | BUEsh |
| 651 ## - SUBJECT ADDED ENTRY--GEOGRAPHIC NAME | |
| Source of heading or term | BUEsh |
| 653 ## - INDEX TERM--UNCONTROLLED | |
| Resource For college | Informatics and Computer Science |
| Arrived date list | August2015 |
| 710 2# - ADDED ENTRY--CORPORATE NAME | |
| Corporate name or jurisdiction name as entry element | Adobe Systems. |
| 9 (RLIN) | 18543 |
| 942 ## - ADDED ENTRY ELEMENTS (KOHA) | |
| Item type | Book - Borrowing |
| Call number prefix | 006.6869 ADO |
| Source of classification or shelving scheme | Dewey Decimal Classification |
| Withdrawn status | Item status | Source of classification or shelving scheme | Damaged status | Not for loan | Vendor | Home library | Current library | Shelving location | Date acquired | Source of acquisition | Cost, normal purchase price | Total Checkouts | Full call number | Barcode | Date last seen | Cost, replacement price | Koha item type |
|---|---|---|---|---|---|---|---|---|---|---|---|---|---|---|---|---|---|
| Dewey Decimal Classification | Central Library | Central Library | Lower Floor | 19/07/2006 | 220.00 | 4 | 006.6869 ADO | 000004021 | 15/07/2025 | 275.00 | Book - Borrowing | ||||||
| Dewey Decimal Classification | Central Library | Central Library | Lower Floor | 06/07/2011 | Purchase | 220.00 | 006.6869 ADO | 000043559 | 04/08/2019 | 275.00 | CD | DVD - With book |